Spolková republika Nemecko a problematika prisťahovalectva

Príspevok upozorňuje na všeobecné kategórie prisťahovalectva, ale najmä na niektoré špecifické črty tohto fenoménu v podmienkach Spolkovej republiky Nemecko, kde charakter medzinárodnej migrácie predurčovali jedinečné historické a národné podmienky. Upozorňuje na reakcie nemeckej verejnosti na túto...

Descrizione completa

Salvato in:
Dettagli Bibliografici
Autore principale: Liďák, Ján
Natura: Capitolo di libro
Lingua:slovacco
Soggetti:
Tags: Aggiungi Tag
Nessun Tag, puoi essere il primo ad aggiungerne!!

MARC

LEADER 00000nla$a2200000$$$4500
001 0127749
005 20240502072444.8
041 0 |a slo 
044 |a SK 
245 1 0 |a Spolková republika Nemecko a problematika prisťahovalectva  |c Ján Liďák 
520 |a Príspevok upozorňuje na všeobecné kategórie prisťahovalectva, ale najmä na niektoré špecifické črty tohto fenoménu v podmienkach Spolkovej republiky Nemecko, kde charakter medzinárodnej migrácie predurčovali jedinečné historické a národné podmienky. Upozorňuje na reakcie nemeckej verejnosti na túto problematiku a následne na jej odraz v oblasti politickej, ktorá sa prejavuje predovšetkým nárastom extrémizmu a populizmu v politicko-ekonomických podmienkach Nemecka. 
610 2 0 |a migrácia 
610 2 0 |a imigrácia 
610 2 0 |a politika azylová 
610 2 0 |a Nemecko 
610 2 0 |a extrémizmus 
100 1 |a Liďák, Ján